仙台空港を発着する路線 - Statistics

General Stats
  • This quiz has been taken 28 times
  • The average score is 13 of 14
Answer Stats
Hint Answer % Correct
日本 新千歳
100%
中部
100%
大阪
100%
関西
100%
福岡
100%
那覇
100%
上海/浦東
100%
広島
95%
海外 ソウル/仁川
95%
北京/首都
95%
台北/桃園
95%
新潟
91%
神戸
91%
大連
41%
No matching quizzes found
Score Distribution
Percent of People with Each Score
Percentile by Number Answered
Your Score History
You have not taken this quiz